000 00656nam a22002057a 4500
003 NUST
005 20240216095204.0
008 190620b ||||| |||| 00| 0 eng d
038 _aMr Noman Tariq
082 _a610.28
100 _aKomal Shahzadi
_915221
245 _aEvaluation of Pharmacological Activities of Plant Isolated Compound Saikosaponin B2
_cKomal Shahzadi
260 _aIslamabad
_bSMME NUST
_c2017
300 _a62 p.
_c30cm
600 _aKomal Shahzadi
_915221
610 _2BioMedical Sciences - Ms - Thesis
700 _aDr Adeeb Shehzad
_916289
856 _uhttp://10.250.8.41:8080/xmlui/handle/123456789/6740
942 _2ddc
_cTHE
999 _c524398
_d524398